000 00328nam a2200145Ia 4500
008 230917s9999||||xx |||||||||||||| ||und||
020 _cPOU5.75
040 _e14053
_aMAIN
041 _aEnglish
082 _a519.2 C839R
100 _aCox, D R
245 0 _aRenewal theory
260 _aLondon
_bChapman and hall
942 _cBK
999 _c61882
_d61882